000 00247nam a2200085Ia 4500
245 0 _aWilliam Shakespeare's Twelfth night
100 _a Goodwin, Vincent Edina, MN, [c.2009]
_979312
942 _cBK
008 210817s9999 xx 000 0 und d
999 _c276233
_d276232